The Russian economic barometer (Запись № 2890615)
[ простой вид ]
| 000 -МАРКЕР | |
|---|---|
| контрольное поле | 03391nas1a22006011i 4500 |
| 001 - ИДЕНТИФИКАТОР ЗАПИСИ | |
| контрольное поле | RU\NLR\INFOCOMM_14\5000035376 |
| 005 - ИДЕНТИФИКАТОР ВЕРСИИ | |
| контрольное поле | 20260406104433.0 |
| 011 ## - МЕЖДУНАРОДНЫЙ СТАНДАРТНЫЙ НОМЕР СЕРИАЛЬНОГО ИЗДАНИЯ (ISSN) | |
| Номер (ISSN) | 0202-179X |
| 035 ## - ДРУГИЕ СИСТЕМНЫЕ НОМЕРА | |
| Идентификатор записи | (NLR Aleph) 003737517 |
| 100 ## - ДАННЫЕ ОБЩЕЙ ОБРАБОТКИ | |
| Данные общей обработки | 20060403a19929999|||y0rusy50 ba |
| 101 0# - ЯЗЫК РЕСУРСА | |
| Язык текста, звукозаписи и т.д. | английский |
| 102 ## - СТРАНА ПУБЛИКАЦИИ ИЛИ ПРОИЗВОДСТВА | |
| Страна публикации | российская федерация |
| 110 ## - ПОЛЕ КОДИРОВАННЫХ ДАННЫХ: ПРОДОЛЖАЮЩИЕСЯ РЕСУРСЫ | |
| Кодированные данные продолжающегося ресурса | ayuz|||0|y| |
| 200 1# - ЗАГЛАВИЕ И СВЕДЕНИЯ ОБ ОТВЕТСТВЕННОСТИ | |
| Основное заглавие | The Russian economic barometer |
| Сведения, относящиеся к заглавию | Market situation tests, estimates, forecasts |
| 210 ## - ПУБЛИКАЦИЯ, РАСПРОСТРАНЕНИЕ И ДР. | |
| Место издания, распространения и т.д. | M. |
| Дата издания, распространения и т.д. | 1992- |
| 300 ## - ОБЩИЕ ПРИМЕЧАНИЯ | |
| Текст примечания | С vol. 9 (2000) в каждом выпуске печатаются указатели к предыдущим томам |
| 531 ## - СОКРАЩЕННОЕ ЗАГЛАВИЕ (ПРОДОЛЖАЮЩИЕСЯ РЕСУРСЫ) | |
| Заглавие | REB |
| 712 02 - НАИМЕНОВАНИЕ ОРГАНИЗАЦИИ - ВТОРИЧНАЯ ОТВЕТСТВЕННОСТЬ | |
| Код отношения | Прочие |
| Материалы, к которым относится поле | eng |
| Начальный элемент ввода | Institute of world economy and international relations |
| Идентифицирующий признак | Moscow |
| Графика поля | Латинская |
| Идентификатор авторитетной/нормативной записи | RU\NLR\AUTH\883074 |
| Системный номер авторитетной/нормативной записи | 277293 |
| 712 02 - НАИМЕНОВАНИЕ ОРГАНИЗАЦИИ - ВТОРИЧНАЯ ОТВЕТСТВЕННОСТЬ | |
| Код отношения | Прочие |
| Графика поля | Латинская |
| Материалы, к которым относится поле | eng |
| Начальный элемент ввода | Primakov institute of world economy and international relations |
| Идентифицирующий признак | Moscow |
| Системный номер авторитетной/нормативной записи | 500142 |
| Идентификатор авторитетной/нормативной записи | RU\NLR\AUTH\880417525 |
| 712 02 - НАИМЕНОВАНИЕ ОРГАНИЗАЦИИ - ВТОРИЧНАЯ ОТВЕТСТВЕННОСТЬ | |
| Код отношения | Прочие |
| Графика поля | Латинская |
| Материалы, к которым относится поле | eng |
| Начальный элемент ввода | Primakov national research institute of world economy and international relations |
| Идентифицирующий признак | Moscow |
| Системный номер авторитетной/нормативной записи | 542934 |
| Идентификатор авторитетной/нормативной записи | RU\NLR\AUTH\880439368 |
| 712 02 - НАИМЕНОВАНИЕ ОРГАНИЗАЦИИ - ВТОРИЧНАЯ ОТВЕТСТВЕННОСТЬ | |
| Код отношения | Прочие |
| Графика поля | Латинская |
| Материалы, к которым относится поле | eng |
| Начальный элемент ввода | Primakov national research institute of world economy and international relations |
| Структурное подразделение | Centre for research in transitional economy |
| Идентифицирующий признак | Moscow |
| Системный номер авторитетной/нормативной записи | 786991 |
| Идентификатор авторитетной/нормативной записи | RU\NLR\AUTH\880559840 |
| 801 #1 - ИСТОЧНИК ЗАПИСИ | |
| Страна | российская федерация |
| Организация | InfoComm |
| Дата составления | 20060403 |
| 801 #0 - ИСТОЧНИК ЗАПИСИ | |
| Страна | российская федерация |
| Организация | NLR |
| Правила каталогизации | PSBO |
| 801 #2 - ИСТОЧНИК ЗАПИСИ | |
| Страна | российская федерация |
| Организация | NLR |
| Дата составления | 20090611 |
| Источник данных | rusmarc |
| 852 ## - МЕСТОНАХОЖДЕНИЕ И ШИФР ХРАНЕНИЯ | |
| Идентификатор организации | NLR |
| Шифр хранения (Call Number) | P22/5369 |
| 942 ## - ДОПОЛНИТЕЛЬНЫЕ ЭЛЕМЕНТЫ ЗАПИСИ (АБИС) | |
| Тип экземпляра АБИС | Журнал |
| 980 ## - КОЛЛЕКЦИЯ | |
| Название коллекции | Иностранная периодика |
Нет доступных экземпляров.